Tara na sa Entablado! : (Record no. 340386)
[ view plain ]
| 000 -LEADER | |
|---|---|
| fixed length control field | 00708nam a2200277Ia 4500 |
| 008 - FIXED-LENGTH DATA ELEMENTS--GENERAL INFORMATION | |
| fixed length control field | 170712s9999 xx 000 0 und d |
| 020 ## - INTERNATIONAL STANDARD BOOK NUMBER | |
| International Standard Book Number | 9789712722509 |
| 050 ## - LIBRARY OF CONGRESS CALL NUMBER | |
| Classification number | 899.21 |
| 050 ## - LIBRARY OF CONGRESS CALL NUMBER | |
| Item number | B441 2009 |
| 100 ## - MAIN ENTRY--PERSONAL NAME | |
| Personal name | Bellen, Christine S. |
| 245 ## - TITLE STATEMENT | |
| Title | Tara na sa Entablado! : |
| 245 ## - TITLE STATEMENT | |
| Remainder of title | mga dulang pang-classroom ng mga kuwento ni Lola Basyang / |
| 245 ## - TITLE STATEMENT | |
| Statement of responsibility, etc | by Christine S. Bellen. |
| 260 ## - PUBLICATION, DISTRIBUTION, ETC. (IMPRINT) | |
| Place of publication, distribution, etc | Philippines : |
| 260 ## - PUBLICATION, DISTRIBUTION, ETC. (IMPRINT) | |
| Name of publisher, distributor, etc | Anvil, |
| 260 ## - PUBLICATION, DISTRIBUTION, ETC. (IMPRINT) | |
| Date of publication, distribution, etc | 2009 |
| 300 ## - PHYSICAL DESCRIPTION | |
| Extent | 132 pages : |
| 300 ## - PHYSICAL DESCRIPTION | |
| Other physical details | illustrations ; |
| 300 ## - PHYSICAL DESCRIPTION | |
| Dimensions | 21cm. |
| 650 ## - SUBJECT ADDED ENTRY--TOPICAL TERM | |
| Topical term or geographic name as entry element | Drama -- |
| 650 ## - SUBJECT ADDED ENTRY--TOPICAL TERM | |
| Topical term or geographic name as entry element | Drama. |
| 650 ## - SUBJECT ADDED ENTRY--TOPICAL TERM | |
| Topical term or geographic name as entry element | Philippine literature -- |
| 650 ## - SUBJECT ADDED ENTRY--TOPICAL TERM | |
| Topical term or geographic name as entry element | Title. |
| 650 ## - SUBJECT ADDED ENTRY--TOPICAL TERM | |
| General subdivision | Drama. |
| 650 ## - SUBJECT ADDED ENTRY--TOPICAL TERM | |
| General subdivision | Study and teaching. |
No items available.